LEADER 00820nam a2200217 i 4500 001 000000061821 003 CaOOAMICUS 005 20060925000000.0 008 060925s1973 it u000 u ita u 013 $a32993 040 $aSeMil$bita 100 1 $aMotta, Giuseppe.$0(OLS)http://semarc/name/16050 245 10$aSan Marco nella storia e nell'arte /$cGiuseppe Motta. 260 $aMilano :$b[s.n.],$c1973. 300 $a147 p. :$bill. ;$c25 cm. 500 $aContiene : Bibliografia. 650 4$aMilano - Chiese - San Marco.$0(OLS)http://semarc/subject/45007 850 $aSeMil 852 $aSeMil$W1$xVenegono$y1$m5L VI 53$j27974$B27974$CSeMilBibl$Z2$F27977 $81 996 $6245$aSan Marco nella storia e nell'arte$9(OLS)http://semarc/title/97244 996 $6260$aMilano :$b[s.n.]$9(OLS)http://semarc/publisher/29709 LEADER 01198nam a2200241 i 4500 001 000000102671 003 CaOOAMICUS 005 20240215164517.0 008 060728s1965 it u000 u ita u 013 $a74824 040 $aSeMil$bita 100 1 $aMaffi, Pietro$b.$0(OLS)http://semarc/name/6709 245 13$aIl Credo di Dante nella Divina Commedia :$bnel 7. anniversario della nascita del poeta /$cPietro Maffi. 260 $aPisa :$ba cura del Comitato del 17. Congresso Eucaristico Nazionale,$c1965. 300 $a79 p. :$b9 c. di tav. ;$c24 cm. 650 4$aLetteratura e religione.$0(OLS)http://semarc/subject/1810 650 4$aAlighieri, Dante <1265-1321> . Divina Commedia - Motivi religiosi.$0(OLS)http://semarc/subject/18105 850 $aSeMil 852 $aSeMil$W1$xVenegono$y1$m1O VI 273$j246262$B59132$CSeMilBibl$Z2$F43309 $81 961 $aRecupero: Altro 996 $6245$aIl Credo di Dante nella Divina Commedia :$bnel 7. anniversario della nascita del poeta$9(OLS)http://semarc/title/149345 996 $6260$aPisa :$ba cura del Comitato del 17. Congresso Eucaristico Nazionale$9(OLS)http://semarc/publisher/44707